Impressionists/ (Record no. 608357)

000 -LEADER
fixed length control field 00632nam a22002177a 4500
003 - CONTROL NUMBER IDENTIFIER
control field OSt
005 - DATE AND TIME OF LATEST TRANSACTION
control field 20240227132932.0
008 - FIXED-LENGTH DATA ELEMENTS--GENERAL INFORMATION
fixed length control field 190516t xxu||||| |||| 00| 0 eng d
020 ## - INTERNATIONAL STANDARD BOOK NUMBER
International Standard Book Number 9780752547176
040 ## - CATALOGING SOURCE
Transcribing agency 0
082 ## - DEWEY DECIMAL CLASSIFICATION NUMBER
Classification number 759.054
Author Mark CUN 2001
100 1# - MAIN ENTRY--PERSONAL NAME
Personal name Cunnungham,Antonia
9 (RLIN) 121532
245 10 - TITLE STATEMENT
Title Impressionists/
Statement of responsibility, etc. Antonia Cunningham
260 ## - PUBLICATION, DISTRIBUTION, ETC.
Name of publisher, distributor, etc. Parragon;
Date of publication, distribution, etc. 2001.
300 ## - PHYSICAL DESCRIPTION
Extent 256p.;
Other physical details ill:
Dimensions 17cm.
650 ## - SUBJECT ADDED ENTRY--TOPICAL TERM
Topical term or geographic name entry element Impressionism (Art)
9 (RLIN) 121505
650 ## - SUBJECT ADDED ENTRY--TOPICAL TERM
Topical term or geographic name entry element Impressionist artists
9 (RLIN) 121533
650 ## - SUBJECT ADDED ENTRY--TOPICAL TERM
Topical term or geographic name entry element Painting, French
9 (RLIN) 121504
942 ## - ADDED ENTRY ELEMENTS (KOHA)
Source of classification or shelving scheme
Koha item type Book
Institution code [OBSOLETE] SADA
Call number prefix 759.054 CUN 2001
Holdings
Withdrawn status Lost status Source of classification or shelving scheme Damaged status Not for loan Permanent Location Current Location Date acquired Source of acquisition Total Checkouts Full call number Barcode Date last seen Price effective from Koha item type
          School of Art Design and Architecture (SADA) School of Art Design and Architecture (SADA) 05/09/2019 Donation   759.054 CUN 2001 SADAD0000434 02/27/2024 02/27/2024 Book
© 2023 Central Library, National University of Sciences and Technology. All Rights Reserved.